| 000 -LEADER |
| fixed length control field |
01680nam a22001577a 4500 |
| 008 - FIXED-LENGTH DATA ELEMENTS--GENERAL INFORMATION |
| fixed length control field |
201120b ||||| |||| 00| 0 eng d |
| 100 ## - MAIN ENTRY--PERSONAL NAME |
| Personal name |
Parker, Simon and Racz, Marton. |
| 245 ## - TITLE STATEMENT |
| Title |
Affective and effective truths: Rhetoric, normative and critical management studies |
| 260 ## - PUBLICATION, DISTRIBUTION, ETC. (IMPRINT) |
| Place of publication, distribution, etc |
Organization |
| 300 ## - PHYSICAL DESCRIPTION |
| Extent |
27(3), May, 2020: p.454-465 |
| 520 ## - SUMMARY, ETC. |
| Summary, etc |
In an era of Brexit, Trump and the detritus of post-truth politics, this article calls upon critical management scholars to reflect upon the efficacy of their critique. We examine the post-truth critiques of public relation firms working for tobacco corporations in the 1960s, before discussing contemporary examples of the Flat Earth Society and the growing community of climate change deniers. In doing so, we note similarities to the intellectual tactics and strategies of the critical management community in terms of problematizing truth(s), broader aims to counter mainstream discourses of science and the various attempts to provide alternative perspectives on the world. In learning from these post-truth communities, we argue that the critical community should be wary of falling back onto a rational, logical and potentially elitist platform of Socratic critique and conversely should not refuse dialogue as in cynical critique. Instead, we argue for more agonistic forms of critique that use salient exemplars to develop affective relationships within communities alongside the discussion of facts, ethics and politics.- Reproduced |
| 650 ## - SUBJECT ADDED ENTRY--TOPICAL TERM |
| Topical term or geographic name as entry element |
Agonism, Critical management studies, Post-truth, Rhetoric |
| 9 (RLIN) |
19346 |
| 773 ## - HOST ITEM ENTRY |
| Main entry heading |
Organization |
| 906 ## - LOCAL DATA ELEMENT F, LDF (RLIN) |
| Subject DIP |
COMMUNICATION IN ORGANIZATIONS |
| 942 ## - ADDED ENTRY ELEMENTS (KOHA) |
| Item type |
Articles |